Vista normal
Vista MARC
Entrada Personal Name
Número de registros utilizados en: 1
001 - CONTROL NUMBER
- control field: 13539
003 - CONTROL NUMBER IDENTIFIER
- control field: DLC
005 - DATE AND TIME OF LATEST TRANSACTION
- control field: 20221123133814.0
008 - FIXED-LENGTH DATA ELEMENTS
- fixed length control field: 140312n| azannaabn |a aaa c
010 ## - LIBRARY OF CONGRESS CONTROL NUMBER
- LC control number: ns2014001216
035 ## - SYSTEM CONTROL NUMBER
- System control number: (CaEvSKY)skya10421236
040 ## - CATALOGING SOURCE
- Original cataloging agency: MX-MxITA
- Language of cataloging: spa
- Description conventions: rda
- Transcribing agency: Mx-PuUPA
- Modifying agency: Mx-PuUPA
100 1# - HEADING--PERSONAL NAME
- Personal name: Casados Borde, Alfonso J.,
372 ## - FIELD OF ACTIVITY
- Field of activity: Derecho comercial
- Source of term: lcsh
373 ## - ASSOCIATED GROUP
- Associated group: Universidad Nacional Autónoma de México
- Source of term: naf
374 ## - OCCUPATION
- Occupation: Profesor universitario
- Occupation: Autor
- Source of term: lcsh
375 ## - GENDER
- Gender: hombre
377 ## - ASSOCIATED LANGUAGE
- Language code: spa
400 1# - SEE FROM TRACING--PERSONAL NAME
- Personal name: Borde, Alfonso J. Casados
670 ## - SOURCE DATA FOUND
- Source citation: El método de estudio del derecho mercantil, 2013:
- Information found: title page (Alfonso J. Casados Borde) page 4 of cover (profesor de carrera definitivo de diversas asignaturas de derecho mercantil de la UNAM)